Managing the risks of extreme events and disasters to advance climate change adaptation : (Record no. 142893)
[ view plain ]
| 000 -LEADER | |
|---|---|
| fixed length control field | 00902nam a22002417a 4500 |
| 005 - DATE AND TIME OF LATEST TRANSACTION | |
| control field | 20260608155840.0 |
| 010 ## - LCCN (DPL NO) | |
| LC control number | ENG-119416 ENG-148790 |
| 020 ## - INTERNATIONAL STANDARD BOOK NUMBER | |
| International Standard Book Number | 9781107607804 |
| Terms of availability | 5717.00 |
| 035 ## - SYSTEM CONTROL NUMBER | |
| System control number | EN-102948 |
| 035 ## - SYSTEM CONTROL NUMBER | |
| System control number | EN-132322 |
| 037 ## - SOURCE OF ACQUISITION | |
| Source of stock number/acquisition | DBAD/PUB |
| 082 ## - DEWEY DECIMAL CLASSIFICATION NUMBER | |
| Classification number | 363.7 |
| 245 ## - TITLE STATEMENT | |
| Title | Managing the risks of extreme events and disasters to advance climate change adaptation : |
| Statement of responsibility, etc | edited by Christpher B.Field ...[et...al] |
| Remainder of title | Special report of the intergovernmental panel on climate change / |
| 260 ## - PUBLICATION, DISTRIBUTION, ETC. (IMPRINT) | |
| Place of publication, distribution, etc | New York |
| Name of publisher, distributor, etc | Cambridge University Press |
| Date of publication, distribution, etc | 2015 |
| 270 ## - ADDRESS | |
| Address | 32 Avenue of the Americas,New york , USA NY10013-2473 |
| 300 ## - PHYSICAL DESCRIPTION | |
| Extent | xv,141p. |
| Other physical details | ill (col.) |
| Dimensions | 28cm(pbk) |
| 500 ## - GENERAL NOTE | |
| General note | Includes index |
| 700 ## - ADDED ENTRY--PERSONAL NAME | |
| Personal name | Field Christpher B |
| 9 (RLIN) | 89321 |
| 700 ## - ADDED ENTRY--PERSONAL NAME | |
| Personal name | Vicente Barros |
| 9 (RLIN) | 89322 |
| 700 ## - ADDED ENTRY--PERSONAL NAME | |
| Personal name | Thomas F. Stocker |
| 9 (RLIN) | 89323 |
| 700 ## - ADDED ENTRY--PERSONAL NAME | |
| Personal name | Dahe Qin |
| 9 (RLIN) | 89324 |
| 942 ## - ADDED ENTRY ELEMENTS (KOHA) | |
| Source of classification or shelving scheme | Dewey Decimal Classification |
| Item type | English Books |
| Classification part | 363.7 |
| Call number suffix | MAN |
| Withdrawn status | Lost status | Not for loan | Collection code | Home library | Current library | Date acquired | Source of acquisition | Cost, normal purchase price | Full call number | Barcode | Copy number | Cost, replacement price | Koha item type |
|---|---|---|---|---|---|---|---|---|---|---|---|---|---|
| Not For Loan | Non-fiction | D.B.Act.Division | D.B.Act.Division | 08/06/2026 | Delivery of Books Act Division | 5717.00 | 363.7 MAN | EN-132322 | 1 | 5717.00 | English Books | ||
| Non-fiction | Shahdara Branch | Shahdara Branch | 26/07/2017 | DBAD/PUB | 5717.00 | 363.7 MAN | EN-102948 | 1 | 5717.00 | English Books |
